| 000 | 01004nam a2200313Ia 4500 | ||
|---|---|---|---|
| 003 | OSt | ||
| 005 | 20221007122951.0 | ||
| 006 | a|||||r|||| 00| 0 | ||
| 007 | ta | ||
| 008 | 221006b |||||||| |||| 00| 0 eng d | ||
| 020 | _a9789350067130 (pbk) | ||
| 024 | _a193575 | ||
| 037 |
_b4131, 18/09/2015, Educational Book Agency (India) _cTextual |
||
| 040 |
_aPAPL _cPAPL _beng |
||
| 041 |
_2eng _aeng |
||
| 082 | _aB7, Q2-;9 Carpa | ||
| 100 | _aGupta S L | ||
| 245 | 0 |
_aClassical mechanics _b Kumar V Sharma H V |
|
| 260 |
_aMeerut _bPragati Prakashan _c2012 |
||
| 300 |
_axi, 398p. ill. _ccm. |
||
| 500 | _aIndex i-iip.; Reprint 2014. | ||
| 650 |
_a Rigid bodies _9715508 |
||
| 650 |
_a Rotating frames _9714890 |
||
| 650 |
_aHamiltonian formulation _9715823 |
||
| 700 | _a Kumar V | ||
| 700 | _a Sharma H V | ||
| 942 |
_hB7, Q2-;9 Carpa _cTEXL _2CC |
||
| 999 |
_c1211169 _d1211169 |
||